=LDR 00000nam 2200000 4500 =001 INLIS000000000023405 =005 20130612122056 =008 ***********************************Ind** =035 ##$$0010-061300000023405 =041 ##$$a Ind =082 ##$$a 540 =090 ##$$a 540, Kim-k =100 ##$$a Rochayati =245 ##$$a Kimia SMU kelas 2 cawu I,II dan III, Disusun berdasarkan kurikulum baru 1994, Rochayati, Tati Setiawati, Poppy K. Devi, D. Mapati S., Suhandi, Aca Supriatna K =260 ##$$a 1995 $b Bandung =300 ##$$a vi, 322 hlm., ilus, 19 cm =650 ##$$a Kimia-Study =850 ##$$a NBPNMAT